|
|
|
|
| LEADER |
00627nas a2200157 i 4500 |
| 001 |
acta37445 |
| 005 |
20220627100922.0 |
| 008 |
161201s2010 hu o 0|| eng d |
| 040 |
|
|
|a SZTE Egyetemi Kiadványok Repozitórium
|b hun
|
| 041 |
|
|
|a eng
|
| 245 |
0 |
0 |
|a Journal of environmental geography
|h [elektronikus dokumentum] :
|b Vol. III. No 1-4.
|
| 260 |
|
|
|c 2010
|
| 300 |
|
|
|a 23
|
| 490 |
0 |
|
|a Journal of environmental geography
|v 3 No. 1-4
|
| 695 |
|
|
|a Földrajz - tanulmányok, Éghajlati változás - tanulmányok, Térinformatika - tanulmányok
|
| 856 |
4 |
0 |
|u http://acta.bibl.u-szeged.hu/37445/1/journal_geo_003_001_004.pdf
|z Dokumentum-elérés
|